000 00430nam a22001337a 4500
003 ASAB
005 20180827062619.0
008 160217t xxu||||| |||| 00| 0 eng d
040 _cASAB
100 _aZeeshan Ali Yousaf-sup-Dr. Muhammad Tahir
_91561
245 _aTh-Mphil-Partial molecular characterization of begomoviruses isolated from euphorbia pulcherrima( poinsettia/christmas star )
300 _a69 p.:
942 _2ddc
_cBK
999 _c480013
_d480013